00683nam a2200145 a 450000100100000000500170001000800410002704000250006804100080009311002020010124000800030324500610038326000720044430000210051600002252920200930021646.0101013s1945 dr 001 0 spa d aDO-SdBNPbspacBNPHU17aing1 aRepública Dominicana.bcomission appointe by the excutive power of the Dominican Republic to appraise the repot of ghe bookings institution concerning the colonization of refugee in Santo Domingo10aCapacity of the Dominican republic to absorb refugeeslTítulo en inglés10aCapacity of the Dominican republic to absorb refugees /. aCiudad Trujillo, República Dominicana :bEditora Montalvo,c1945. a120 p. ;c24 cm.